| 000 | 00475nam a2200169 4500 | ||
|---|---|---|---|
| 001 | 115877 | ||
| 003 | ES-MaACL | ||
| 007 | t| | ||
| 008 | 061121s1922 sp r ||||1| spa d | ||
| 100 | 1 |
_aOrs, Eugenio d', _d1881-1954 _987358 |
|
| 245 | 1 | 0 |
_aEuropa / _cEugenio d'Ors. |
| 260 |
_aMadrid : _bRafael Caro Raggio, _c1922. |
||
| 300 |
_a220 p. ; _c18 cm. |
||
| 500 | _aEs el tomo IV de `El nuevo glosario`. | ||
| 852 |
_aES-MaACL _jB-4264 |
||
| 999 |
_c115877 _d115877 |
||